Some Entolomataceae (<Agaricales>) from Costa Rica (Registro nro. 11859)

Detalles MARC
000 -CABECERA
Campo de control 006450000a22002410004500
090 ## - CLASIFICACIÓN LOCAL
Colección AR
Consecutivo 02798
041 0# - IDIOMA
Código de idioma para texto/pista de sonido o título separado
100 1# - ASIENTO PRINCIPAL--NOMBRE PERSONAL
Nombre personal Baroni, Timothy J.
245 10 - MENCION DE TITULO
Título Some Entolomataceae (<Agaricales>) from Costa Rica
650 14 - ASIENTO SECUNDARIO DE MATERIA - TERMINO TEMATICO
Término temático o nombre geográfico como elemento de entrada Botánica
650 14 - ASIENTO SECUNDARIO DE MATERIA - TERMINO TEMATICO
Término temático o nombre geográfico como elemento de entrada Hongos
650 14 - ASIENTO SECUNDARIO DE MATERIA - TERMINO TEMATICO
Término temático o nombre geográfico como elemento de entrada Taxonomía vegetal
650 14 - ASIENTO SECUNDARIO DE MATERIA - TERMINO TEMATICO
Término temático o nombre geográfico como elemento de entrada Morfología vegetal
651 #4 - ASIENTO SECUNDARIO DE MATERIA - NOMBRE GEOGRAFICO
-- Costa rica
653 ## - TERMINO DE INDIZACION - NO CONTROLADO
-- Alboleptonia
653 ## - TERMINO DE INDIZACION - NO CONTROLADO
-- Clitopilus
653 ## - TERMINO DE INDIZACION - NO CONTROLADO
-- Entoloma
653 ## - TERMINO DE INDIZACION - NO CONTROLADO
-- Inocephalus
653 ## - TERMINO DE INDIZACION - NO CONTROLADO
-- Rhodocybe
700 1# - ASIENTO SECUNDARIO - NOMBRE PERSONAL
Nombre personal Halling, Roy E.
773 1# - Item fuente:
Título Brittonia
Especificación de materiales 120
Descripción física 2
Paginas del Articulo 121-135
Lugar, editorial y fecha de publicación 2000
Información sobre la relación 52
942 ## - ELEMENTOS ADICIONALES (KOHA)
Tipo de ítem Artículo
Existencias
Withdrawn status Lost status Damaged status No para préstamo Colección Ubicación Permanente Ubicación actual Fecha de adquisición Datos de publicación Seriada Total Checkouts Número topográfico Inventario / Código de Barras Date last seen Ejemplar Price effective from Forma de adquisición Tipo de material
      No para Préstamo Hemeroteca Bogotá Bogotá 27/02/2015 Fuera de circulación   AR 02798 013209 25/03/2015 1 25/03/2015   Artículo